00561nam a2200205Ia 4500003000400000005001700004006001800021007000300039008004100042020002200083037005700105040001800162041001300180082001400193100001800207245006200225260004000287300001400327650001400341OSt20220925200804.0a|||||r|||| 00| 0ta220923b |||||||| |||| 00| 0 eng d a8186684557c382.5 b4775, 31/10/2012, RAJKIRAN BOOK AGENCYcGeneral Book aRTLcRTLbeng 2engaeng aY9(W), M1 aMILIBAND Ralf 0aPunjivadi samaj mein rajsatta. Tr by Aditya Narayan Singh aDelhibGranth Shilpi c1981 a293pccm. aSociology